I'm Dreaming of a Sporcle Christmas Quiz Stats

Quiz Updated Dec 24, 2014

Challenge
Share
Tweet
Embed
Score 0/40 Timer 04:00
1 Play Today
% Correct
Snow
94.3%
Wish
94.2%
Snowman
94.1%
Look
93.6%
Halls
93.4%
World
93.4%
Mommy
93.4%
Winter
93.4%
Town
93.4%
Chestnuts
93.1%
Rock
93.1%
Rudolph
93%
Silent
92.6%
Bethlehem
92.6%
Rockin'
92.5%
Nicholas
92.2%
Home
92.2%
Hear
92.1%
Drummer
91.9%
Feliz
91.9%
% Correct
Reindeer
90.9%
Sleigh
90.5%
Faithful
90.3%
Herald
90.2%
Night
90.1%
Holly
87.5%
Gentlemen
86.5%
Away
86%
Angels
85.6%
Wenceslas
84.9%
Noel
84.3%
Ivy
81.1%
Orient
80.9%
Boy
78.5%
Ships
78.1%
Child
78.1%
Carol
78%
Merrily
75.8%
Chipmunk
72.7%
Little
72.2%

You're not logged in!

Compare scores with friends on all Sporcle quizzes.
Sign Up with Email
OR
Log In

You Might Also Like...

Show Comments

Extras

Top Quizzes Today


Score Distribution

Your Account Isn't Verified!

In order to create a playlist on Sporcle, you need to verify the email address you used during registration. Go to your Sporcle Settings to finish the process.